000
00298nam a2200121Ia 4500
008
190216s9999||||xx |||||||||||||| ||und||
100
_a
"Ravi Raj Dudeja,Mohan Dudeja"
245
0
_a
Opamps And Linear Integrated Circuits
260
_b
Umesh Pub
300
_a
569
650
_a
Physics
942
_c
BK
999
_c
34186
_d
34186